Supporting Mental Health In Primary and Early Years (Record no. 3813)

MARC details
000 -LEADER
fixed length control field 00436nam a22001217a 4500
005 - DATE AND TIME OF LATEST TRANSACTION
control field 20210309130141.0
008 - FIXED-LENGTH DATA ELEMENTS--GENERAL INFORMATION
fixed length control field 210309b ||||| |||| 00| 0 eng d
020 ## - INTERNATIONAL STANDARD BOOK NUMBER
International Standard Book Number 9781526459367
040 ## - CATALOGING SOURCE
Transcribing agency CML
245 ## - TITLE STATEMENT
Title Supporting Mental Health In Primary and Early Years
Remainder of title A Practical Based Approach
Statement of responsibility, etc. Glazzard Jonathan, Trussler Sarah
260 ## - PUBLICATION, DISTRIBUTION, ETC.
Place of publication, distribution, etc. United Kindon
Name of publisher, distributor, etc. Sage Publications
Date of publication, distribution, etc. 2020
942 ## - ADDED ENTRY ELEMENTS (KOHA)
Source of classification or shelving scheme Dewey Decimal Classification
Koha item type Books
Edition 1st
Classification part 371.712
Call number suffix GLA
Holdings
Withdrawn status Lost status Source of classification or shelving scheme Damaged status Not for loan Collection code Home library Current library Shelving location Date acquired Total Checkouts Full call number Barcode Date last seen Copy number Price effective from Koha item type
    Dewey Decimal Classification     Social Sciences Chalimbana Main Library Chalimbana Main Library Social Sciences 03/09/2021   371.713 GLA 9781526459367 03/09/2021 1 03/09/2021 Books

Powered by Koha